| 000 | 00637nam a2200205 u 4500 | ||
|---|---|---|---|
| 005 | 20210223131150.0 | ||
| 008 | 091027s2006 r 000 0 eng d | ||
| 020 | _a9876010050 (10 dígitos) | ||
| 020 | _a9789876010054 (13 dígitos) | ||
| 035 | _aUPN01000173458 | ||
| 049 | _aCG | ||
| 050 | 4 |
_aPN1998.2 _bC3.2 |
|
| 100 | 1 | _aCancela, Lorena | |
| 245 | 1 | 4 |
_aLos adulterios de la escucha : _bentrevistas con el "otro cine" / _cLorena Cancela. |
| 260 |
_aBuenos Aires : _bLa Crujía, _c2006. |
||
| 300 | _a125 p. | ||
| 440 | 0 | _aAperturas | |
| 650 | 4 |
_aPRODUCTORES Y DIRECTORES CINEMATOGRAFICOS - _vENTREVISTAS _914431 |
|
| 905 | _aLibro | ||
| 999 |
_c145562 _d145562 |
||